000 00420nam a2200181Ia 4500
001 14655
005 20260306164930.0
008 260306t2014||||xx |||||||||||||| ||spa||
041 _aESP
082 _a515.43
_bG317
100 _aGarza Olvera, Benjamín
_eAUT
245 0 _aCálculo integral
260 _c2014
300 _a324 páginas :
_c27 cm.
650 _aGEN
654 _aCMA
942 _cLIB
_dJUS
_fJUS
_2ddc
_n
999 _c14655
_d14655